| 000 | 01073cam a2200313 i 4500 | ||
|---|---|---|---|
| 999 |
_c29942 _d29942 |
||
| 001 | 20558636 | ||
| 005 | 20181113102816.0 | ||
| 008 | 180627s2018 ke a b 000 0 eng | ||
| 010 | _a 2018354343 | ||
| 020 | _a9789966117588 | ||
| 040 |
_aDLC _beng _erda _cDLC |
||
| 042 |
_alcode _apcc |
||
| 043 | _af-ke--- | ||
| 050 | 0 | 0 |
_aDT433.582.M87 _bR68 2018 |
| 100 | 1 |
_aRothmyer, Karen, _eauthor. |
|
| 245 | 1 | 0 |
_aJoseph Murumbi : _ba legacy of integrity / _cKaren Rothmyer. |
| 260 |
_a[Nairobi] : _bZand Graphics, _c[2018] |
||
| 300 |
_a194 p. : _bill. ; _c25 cm |
||
| 504 | _aIncludes bibliograpical references (pages 192-193). | ||
| 600 | 1 | 0 |
_aMurumbi, Joseph, _d1911-1990. |
| 650 | 0 |
_aVice presidents _zKenya _vBiography. |
|
| 650 | 0 |
_aArt _xCollectors and collecting _zKenya _vBiography. |
|
| 906 |
_a7 _bcbc _corigode _d2 _encip _f20 _gy-gencatlg |
||
| 942 |
_2lcc _cAFRICANA |
||